<?xml version="1.0" encoding="UTF-8"?><?xml-stylesheet type="text/xsl" href="static/style.xsl"?><OAI-PMH xmlns="http://www.openarchives.org/OAI/2.0/" xmlns:xsi="http://www.w3.org/2001/XMLSchema-instance" xsi:schemaLocation="http://www.openarchives.org/OAI/2.0/ http://www.openarchives.org/OAI/2.0/OAI-PMH.xsd"><responseDate>2026-04-17T07:32:24Z</responseDate><request verb="GetRecord" identifier="oai:www.recercat.cat:2072/422593" metadataPrefix="marc">https://recercat.cat/oai/request</request><GetRecord><record><header><identifier>oai:recercat.cat:2072/422593</identifier><datestamp>2024-10-29T16:56:00Z</datestamp><setSpec>com_2072_98</setSpec><setSpec>col_2072_378196</setSpec></header><metadata><record xmlns="http://www.loc.gov/MARC21/slim" xmlns:dcterms="http://purl.org/dc/terms/" xmlns:xsi="http://www.w3.org/2001/XMLSchema-instance" xmlns:doc="http://www.lyncode.com/xoai" xsi:schemaLocation="http://www.loc.gov/MARC21/slim http://www.loc.gov/standards/marcxml/schema/MARC21slim.xsd">
   <leader>00925njm 22002777a 4500</leader>
   <datafield ind2=" " ind1=" " tag="042">
      <subfield code="a">dc</subfield>
   </datafield>
   <datafield ind2=" " ind1=" " tag="720">
      <subfield code="a">Romero Corral, Garazi</subfield>
      <subfield code="e">author</subfield>
   </datafield>
   <datafield ind2=" " ind1=" " tag="720">
      <subfield code="a">Universitat Autònoma de Barcelona. Facultat de Psicologia</subfield>
      <subfield code="e">author</subfield>
   </datafield>
   <datafield ind2=" " ind1=" " tag="260">
      <subfield code="c">gener 2020</subfield>
   </datafield>
   <datafield ind2=" " ind1=" " tag="520">
      <subfield code="a">Mitjançant el present treball, es donarà compte d'un estudi pilot dut a terme amb un grup de dones sol·licitants d'asil que pretén demostrar l'aplicabilitat de la Dansa Moviment Teràpia en la intervenció amb dones refugiades i sol·licitants d'asil i pren com a referència l'estudi de Verreault (2017). També és un exercici de reflexivitat i objectivitat forta, que pren com a referència les epistemologies feministes i en concret, la teoria dels coneixements situats de Haraway (1988/1991; Harding 1991, 1996,2008) declarant així la posició de la investigadora davant la investigació i realitzant un autoanàlisi de la seva contratransferència.</subfield>
   </datafield>
   <datafield ind2=" " ind1=" " tag="520">
      <subfield code="a">A través del presente trabajo, se dará cuenta de un estudio piloto llevado a cabo con un grupo de mujeres solicitantes de asilo que pretende demostrar la aplicabilidad de la Danza Movimiento Terapia en la intervención con mujeres refugiadas y solicitantes de asilo y toma como referencia el estudio de Verreault (2017). También es un ejercicio de reflexividad y objetividad fuerte, que toma como referencia las epistemologías feministas y en concreto, la teoría de los conocimientos situados de Haraway (1988/1991; Harding 1991, 1996,2008) declarando así la posición de la investigadora ante la investigación y realizando un autoanalisis de su contratransferencia.</subfield>
   </datafield>
   <datafield tag="653" ind2=" " ind1=" ">
      <subfield code="a">Dansateràpia</subfield>
   </datafield>
   <datafield tag="653" ind2=" " ind1=" ">
      <subfield code="a">Emigració i immigració -- Aspectes psicològics</subfield>
   </datafield>
   <datafield tag="653" ind2=" " ind1=" ">
      <subfield code="a">Refugiades</subfield>
   </datafield>
   <datafield tag="653" ind2=" " ind1=" ">
      <subfield code="a">Asil, Dret d'</subfield>
   </datafield>
   <datafield ind2="0" ind1="0" tag="245">
      <subfield code="a">La DMT con mujeres solicitantes de asilo : una exploración psicosocial</subfield>
   </datafield>
</record></metadata></record></GetRecord></OAI-PMH>